Suivez-vous attentivement les JO ? Médailles du 10 août - Statistiques

Statistiques générales
  • Ce quiz a été pris 12 fois
  • Le résultat moyen est 99 sur 117
Statistiques - réponses
Sport Date Discipline Pays % Correct
Lutte 10 août Bronze H - Libre - Moins 74 kg Albanie | Etats-Unis
100%
Boxe 10 août Bronze H - Plus de 92 kg Allemagne | France
100%
Lutte 10 août Bronze H - Libre - Moins 125 kg Azerbaïdjan | Turquie
100%
Athlétisme 10 août Argent H - 800 m Canada
100%
Breakdance 10 août Or H - B-Boys Canada
100%
Canoë-kayak 10 août Or F - C1 200 m Canada Pas de Française en finale
100%
Boxe 10 août Or F - Moins de 75 KG Chine Pas de Français en finale
100%
Golf 10 août Bronze F Chine
100%
Gymnastique rythmique 10 août Or H - Concours des ensembles Chine France 6e
100%
Haltérophilie 10 août Or H - Moins de 102 kg Chine Pas de Français qualifié
100%
Haltérophilie 10 août Or H - Plus de 102 kg Chine Pas de Français qualifié
100%
Natation synchronisée 10 août Or Duo Chine France 14e
100%
Plongeon 10 août Or H - Haut-vol 10 m Chine Pas de Français qualifié
100%
Tennis de table 10 août Or F - Equipes Chine Pas de Françaises en finale
100%
Taekwondo 10 août Bronze F - Plus de 67 kg Corée-du-Sud | Turquie
100%
Boxe 10 août Argent H - Plus de 92 kg Espagne
100%
Water polo 10 août Or F Espagne Pas de Françaises en finale
100%
Athlétisme 10 août Argent H - Saut en hauteur Etats-Unis
100%
Athlétisme 10 août Or F - 100 m haies Etats-Unis
100%
Athlétisme 10 août Bronze H - 5000 m Etats-Unis
100%
Athlétisme 10 août Or H - Relais 4 x 400 m Etats-Unis France 8e
100%
Athlétisme 10 août Or F - Relais 4 x 400 m Etats-Unis France 5e
100%
Basket 10 août Or H Etats-Unis
100%
Breakdance 10 août Bronze H - B-Boys Etats-Unis
100%
Canoë-kayak 10 août Argent F - C1 200 m Etats-Unis
100%
Escalade 10 août Argent H - Combiné Etats-Unis
100%
Football 10 août Or F Etats-Unis Pas de Françaises en finale
100%
Volley 10 août Bronze H Etats-Unis
100%
Athlétisme 10 août Argent F - 100 m haies France
100%
Basket 10 août Argent H France
100%
Breakdance 10 août Argent H - B-Boys France
100%
Handball 10 août Argent F France
100%
Taekwondo 10 août Or F - Plus de 67 kg France
100%
Volley 10 août Or H France
100%
Cyclisme 10 août Argent F - Américaine Italie
100%
Gymnastique rythmique 10 août Bronze H - Concours des ensembles Italie
100%
Pentathlon moderne 10 août Bronze H Italie
100%
Athlétisme 10 août Or F - Lancer du javelot Japon Pas de Française qualifiée
100%
Lutte 10 août Argent H - Libre - Moins 74 kg Japon
100%
Lutte 10 août Or F - Libre - Moins de 62 kg Japon
100%
Pentathlon moderne 10 août Argent H Japon
100%
Plongeon 10 août Argent H - Haut-vol 10 m Japon
100%
Tennis de table 10 août Argent F - Equipes Japon
100%
Boxe 10 août Bronze F - Moins 57 kg Philippines | Turquie
100%
Athlétisme 10 août Bronze F - 1500 m Royaume-Uni
100%
Athlétisme 10 août Bronze H - Relais 4 x 400 m Royaume-Uni
100%
Athlétisme 10 août Bronze F - Relais 4 x 400 m Royaume-Uni
100%
Natation synchronisée 10 août Argent Duo Royaume-Uni
100%
Plongeon 10 août Bronze H - Haut-vol 10 m Royaume-Uni
100%
Taekwondo 10 août Argent H - Plus de 80 kg Royaume-Uni
100%
Athlétisme 10 août Bronze H - 800 m Algérie
91%
Beachvolley 10 août Argent H Allemagne
91%
Football 10 août Bronze F Allemagne
91%
Golf 10 août Argent F Allemagne
91%
Athlétisme 10 août Argent F - 1500 m Australie
91%
Water polo 10 août Argent F Australie
91%
Boxe 10 août Bronze F - Moins de 75 KG Australie | Neutres
91%
Boxe 10 août Bronze H - Moins de 57 kg Bulgarie | Australie
91%
Athlétisme 10 août Bronze H - Marathon Kenya
91%
Athlétisme 10 août Or H - 800 m Kenya France 6e
91%
Athlétisme 10 août Argent H - 5000 m Kenya
91%
Athlétisme 10 août Or F - 1500 m Kenya France 9e
91%
Lutte 10 août Bronze F - Libre - Moins de 62 kg Kirghizistan | Norvège
91%
Athlétisme 10 août Or H - 5000 m Norvège France 12e
91%
Beachvolley 10 août Bronze H Norvège
91%
Haltérophilie 10 août Or H - Moins de 81 kg Norvège Pas de Français qualifié
91%
Handball 10 août Or F Norvège
91%
Athlétisme 10 août Argent F - Relais 4 x 400 m Pays-Bas
91%
Natation synchronisée 10 août Bronze Duo Pays-Bas
91%
Water polo 10 août Bronze F Pays-Bas
91%
Boxe 10 août Argent F - Moins 57 kg Pologne
91%
Volley 10 août Argent H Pologne
91%
Basket 10 août Bronze H Serbie
91%
Athlétisme 10 août Argent H - Marathon Belgique
82%
Football 10 août Argent F Bresil
82%
Tennis de table 10 août Bronze F - Equipes Corée-du-Sud
82%
Canoë-kayak 10 août Bronze F - C1 200 m Cuba
82%
Taekwondo 10 août Bronze H - Plus de 80 kg Cuba | Irlande
82%
Canoë-kayak 10 août Bronze F - K1 500 m Danemark
82%
Cyclisme 10 août Bronze F - Américaine Danemark
82%
Handball 10 août Bronze F Danemark
82%
Athlétisme 10 août Or H - Saut en hauteur Nouvelle-Zélande Pas de Français qualifié
82%
Canoë-kayak 10 août Or F - K1 500 m Nouvelle-Zélande France 19e
82%
Golf 10 août Or F Nouvelle-Zélande France 18e
82%
Boxe 10 août Or H - Moins de 57 kg Ouzbékistan Pas de Français en finale
82%
Boxe 10 août Or H - Plus de 92 kg Ouzbékistan
82%
Haltérophilie 10 août Argent H - Moins de 102 kg Ouzbékistan
82%
Haltérophilie 10 août Argent H - Plus de 102 kg Ouzbékistan
82%
Lutte 10 août Or H - Libre - Moins 74 kg Ouzbékistan
82%
Taekwondo 10 août Argent F - Plus de 67 kg Ouzbékistan
82%
Cyclisme 10 août Or F - Américaine Portugal France 11e
82%
Beachvolley 10 août Or H Suède Pas de Français en finale
82%
Athlétisme 10 août Or H - Marathon Ethiopie France 16e
73%
Canoë-kayak 10 août Argent F - K1 500 m Hongrie
73%
Canoë-kayak 10 août Argent H - K1 1000 m Hongrie
73%
Canoë-kayak 10 août Bronze H - K1 1000 m Hongrie
73%
Lutte 10 août Argent H - Libre - Moins 125 kg Iran
73%
Taekwondo 10 août Or H - Plus de 80 kg Iran Pas de Français qualifié
73%
Lutte 10 août Or H - Libre - Moins 125 kg Géorgie
64%
Escalade 10 août Or H - Combiné Slovénie France 8e
64%
Lutte 10 août Argent F - Libre - Moins de 62 kg Ukraine
64%
Athlétisme 10 août Argent F - Lancer du javelot Afrique-du-Sud
55%
Escalade 10 août Bronze H - Combiné Autriche
55%
Haltérophilie 10 août Argent H - Moins de 81 kg Egypte
55%
Pentathlon moderne 10 août Or H Egypte France 11e
55%
Athlétisme 10 août Bronze H - Saut en hauteur Qatar
55%
Athlétisme 10 août Bronze F - Lancer du javelot Tchéquie
55%
Canoë-kayak 10 août Or H - K1 1000 m Tchéquie France 7e
55%
Boxe 10 août Argent H - Moins de 57 kg Kirghizistan
45%
Boxe 10 août Or F - Moins 57 kg Taïwan Pas de Française en finale
45%
Gymnastique rythmique 10 août Argent H - Concours des ensembles Israël
36%
Boxe 10 août Argent F - Moins de 75 KG Panama
36%
Athlétisme 10 août Argent H - Relais 4 x 400 m Botswana
27%
Haltérophilie 10 août Bronze H - Moins de 81 kg Equateur
27%
Haltérophilie 10 août Bronze H - Moins de 102 kg Neutres
18%
Haltérophilie 10 août Bronze H - Plus de 102 kg Neutres
18%
Athlétisme 10 août Bronze F - 100 m haies Porto Rico
18%
Aucun quiz correspondant
Distribution des résultats
% des personnes avec chaque résultat
Percentile par nombre de réponses
Votre historique - résultats
Vous n’avez pas pris ce quiz